[Event "BRA-ch sf2"]
[Site "Brasilia"]
[Date "2018.07.20"]
[Round "1.4"]
[White "Soares, Renan Barbosa Monte"]
[Black "De Oliveira, Anderson Jose Ferre"]
[Result "1-0"]
[WhiteElo "2012"]
[BlackElo "1617"]
[PlyCount "89"]
[EventDate "2018.07.20"]
[EventType "swiss"]
[EventRounds "5"]
[EventCountry "BRA"]
[SourceTitle "EXT 2022"]
[Source "ChessBase"]
[SourceDate "2021.10.06"]
[SourceVersion "1"]
[SourceVersionDate "2021.10.06"]
[SourceQuality "1"]

1. d4 d5 2. Nf3 Nf6 3. g3 Bf5 4. Bg2 c6 5. 0-0 e6 6. c4 Be7 7. Nc3 0-0 8. Re1 Nbd7 9. Nh4 Bg4 10. Qc2 dxc4 11. e4 e5 12. d5 cxd5 13. exd5 Bd6 14. Nb5 Bb4 15. Bd2 Bxd2 16. Qxd2 Nb6 17. Rxe5 a6 18. Nc3 Qd6 19. Rae1 Rad8 20. h3 Bc8 21. Qd4 Nbd7 22. Rg5 Nc5 23. Qxc4 b5 24. Qf1 Rfe8 25. Rd1 b4 26. Ne2 Nce4 27. Nf5 Bxf5 28. Rxf5 g6 29. Rf4 Re5 30. Bxe4 Nxe4 31. Qg2 Ng5 32. Rd2 a5 33. Rfd4 Rde8 34. f4 Rxe2 35. Rxe2 Rxe2 36. Qxe2 Ne6 37. Rd2 Qc5+ 38. Qf2 Qc1+ 39. Kg2 Nd8 40. Rc2 Qd1 41. Qd2 Qxd2+ 42. Rxd2 f5 43. Rc2 Kf8 44. Rc7 h5 45. Ra7 1-0

[Event "Brasilia Terraviva op"]
[Site "Brasilia"]
[Date "2018.01.13"]
[Round "5"]
[White "Nishizawa, Claudio"]
[Black "De Oliveira, Anderson Jose Ferre"]
[Result "1-0"]
[WhiteElo "1623"]
[BlackElo "1804"]
[PlyCount "99"]
[EventDate "2018.01.11"]
[EventType "swiss"]
[EventRounds "7"]
[EventCountry "BRA"]
[SourceTitle "CBM 182 Extra"]
[Source "ChessBase"]
[SourceDate "2018.02.23"]
[SourceVersion "1"]
[SourceVersionDate "2018.02.23"]
[SourceQuality "1"]

1. d4 d5 2. Bf4 Bf5 3. e3 c6 4. Bd3 Bxd3 5. Qxd3 e6 6. Nf3 Nf6 7. Nbd2 Nbd7 8. h3 Be7 9. 0-0 c5 10. b3 0-0 11. c4 cxd4 12. exd4 dxc4 13. bxc4 Rc8 14. Rfd1 Nb6 15. Qb3 Qd7 16. a4 Bd8 17. a5 Na8 18. Qb2 b6 19. Ne5 Qe7 20. a6 Nd7 21. Ndf3 Nxe5 22. dxe5 Qc5 23. Rdc1 Be7 24. Nd4 Rfd8 25. Nb5 Rd7 26. Ra4 Rcd8 27. Be3 Qc8 28. Rc2 Qb8 29. Bf4 Nc7 30. Rd2 Nxb5 31. cxb5 Rxd2 32. Bxd2 Rd5 33. Bf4 Qc7 34. Ra1 Qd7 35. Rb1 Rd4 36. Qc1 Bc5 37. Be3 Rd5 38. Bxc5 Rxc5 39. Qb2 Kf8 40. Qe2 Qc7 41. f4 g6 42. Rd1 Ke7 43. Rd6 Rc4 44. Qg4 h5 45. Qg5+ Ke8 46. Qf6 Qc8 47. Kh2 Rc7 48. Kg3 Rd7 49. Qh8+ Ke7 50. Qxc8 1-0